LEADER 01189nam2-2200385---450- 001 990003061470203316 005 20080205150659.0 010 $a978-3-598-73054-2 035 $a000306147 035 $aUSA01000306147 035 $a(ALEPH)000306147USA01 035 $a000306147 100 $a20080205d2006----km-y0itay50------ba 101 $aita$agrc 102 $aDE 105 $a||||||||001yy 200 1 $a<<1.4>> : Aeschines-Bacchylides$eAristophanes-Bacchylides$fediderunt Guido Bastianini ... [et al.]$gadiuvante Marco Stroppa 210 $aMunchen [etc.]$cK. G. Saur$d2006 215 $aXXXII, 303 p., 8 p. di tav.$cill.$d25 cm. 410 0$12001 454 1$12001 461 1$1001000306146$12001$aCommentaria et lexica in auctores 606 0 $aPapiri greci 676 $a880.9001 702 1$aBASTIANINI,$bGuido 702 1$aSTROPPA,$bMarco 801 0$aIT$bsalbc$gISBD 912 $a990003061470203316 951 $aV.1.G. 197/1.1.4$b201877 L.M.$cV.1.G.$d00162943 959 $aBK 969 $aUMA 979 $aRIVELLI$b90$c20080205$lUSA01$h1502 979 $aRIVELLI$b90$c20080205$lUSA01$h1506 996 $aAeschines-Bacchylides$91022320 997 $aUNISA LEADER 01280nam--2200397---450- 001 990002181690203316 005 20090708141201.0 035 $a000218169 035 $aUSA01000218169 035 $a(ALEPH)000218169USA01 035 $a000218169 100 $a20041117d1978----km-y0itay0103----ba 101 $aita 102 $aIT 105 $a||||||||001yy 200 1 $a<> divorzio nella giurisprudenza$erassegna critica delle sentenze costituzionali, di legittimitą, di merito sulla Legge 898/1970$fLucio Grassi, Paolo Grassi 210 $aNapoli$cJovene$d1978 215 $aVIII, 379 p.$d24 cm 410 0$12001 454 1$10001 461 1$1001-------$12001 700 1$aGRASSI,$bLucio$0258328 701 1$aGRASSI,$bPaolo$011248 801 0$aIT$bsalbc$gISBD 912 $a990002181690203316 951 $aXXV.1.L 111 (IG I 687)$b48603 G.$cXXV.1.L 111 (IG I)$d00236222 951 $aIG I 724$b52809 G.$cIG I 959 $aBK 969 $aGIU 979 $aSIAV7$b10$c20041117$lUSA01$h0925 979 $aSIAV7$b10$c20041117$lUSA01$h0926 979 $aSIAV7$b10$c20041117$lUSA01$h0927 979 $aSIAV7$b10$c20041117$lUSA01$h0928 979 $aRSIAV5$b90$c20090708$lUSA01$h1412 996 $aDivorzio nella giurisprudenza$9689532 997 $aUNISA LEADER 03256nam 2200685 450 001 9910806256103321 005 20200520144314.0 010 $a1-5261-1208-6 010 $a1-5261-1209-4 024 7 $a10.7765/9781526112095 035 $a(CKB)3710000000853524 035 $a(EBL)4706715 035 $a(MiAaPQ)EBC4706715 035 $a(Au-PeEL)EBL4706715 035 $a(CaPaEBR)ebr11275014 035 $a(OCoLC)960165938 035 $a(DE-B1597)660618 035 $a(DE-B1597)9781526112095 035 $a(EXLCZ)993710000000853524 100 $a20161013h20132013 uy 0 101 0 $aeng 135 $aur|n|---||||| 181 $2rdacontent 182 $2rdamedia 183 $2rdacarrier 200 14$aThe Levellers $eradical political thought in the English Revolution /$fRachel Foxley 210 1$aManchester, England ;$aNew York, New York :$cManchester University Press,$d2013. 210 2$aNew York, New York :$cPalgrave Macmillan,$d[date of distribution not identified] 210 4$d2013 215 $a1 online resource (269 p.) 225 1 $aPolitics Culture and Society in Early Modern Britain 300 $aDescription based upon print version of record. 311 $a0-7190-9660-X 320 $aIncludes bibliographical references and index. 327 $aThe Levellers: Radical political thought in the English Revolution; Half Title Page ; Title Page ; Contents; Acknowledgements; Abbreviations; Note on conventions; Introduction: Levellers and historians; Chapter 1: Consent and the origins of government ; Chapter 2: The appeal to the people ; Chapter 3: The laws of England and the 'free-born Englishman'; Chapter 4: Religion, politics, and conscience ; Chapter 5: Levellers and the army: England's freedom, soldiers' rights; Chapter 6: Levellers into republicans? ; Conclusion; Bibliography; Index 330 $aThe Leveller movement of the 1640s campaigned for religious toleration and a radical remaking of politics in post-civil war England. This book, the first full-length study of the Levellers for fifty years, offers a fresh analysis of the originality and character of Leveller thought. Challenging received ideas about the Levellers as social contract theorists and Leveller thought as a mere radicalisation of parliamentarian thought, Foxley shows that the Levellers' originality lay in their subtle and unexpected combination of different strands within parliamentarianism. The book takes full accoun 410 0$aPolitics, culture, and society in early modern Britain. 606 $aLevellers 607 $aGreat Britain$xHistory$yPuritan Revolution, 1642-1660 610 $aEnglish Civil War. 610 $aEnglish revolution. 610 $aLevellers. 610 $aLilburne, John. 610 $aNew Model Army. 610 $aOverton, Richard. 610 $aWalwyn, William. 610 $aradicalism. 610 $arepublicanism. 610 $atoleration. 615 0$aLevellers. 676 $a942.062 700 $aFoxley$b Rachel$01126429 801 0$bMiAaPQ 801 1$bMiAaPQ 801 2$bMiAaPQ 906 $aBOOK 912 $a9910806256103321 996 $aThe Levellers$94091464 997 $aUNINA 999 $p$43.75$u06/22/2018$5Hist